000 00643nam a22002172 4500
001 0000007570
005 20151217152031.0
008 080218s xx 000 0 eng d
020 _a4903645193 :
_cKES
040 _aKABU
_cKABU
245 1 0 _aAging population in Asia :
_bexperience of Japan, Thailand and China.
260 _aTokyo :
_bJICA,
_c2007.
300 _avi, 91 p.
650 0 _aAgeing
_zAsia.
_@0000158842
650 0 _aAgeing
_zJapan.
_@0000158843
650 0 _aAgeing
_zThailand.
_@0000158844
650 0 _aAgeing
_zChina.
_@0000158845
908 _a080218
950 _@1
999 _c7527
_d7527